00808nam a22002294a 450000500170000000800410001701000170005802000260007503500170010103700160011804000180013408200170015210000240016924500510019326000330024427000700027730000390034750000200038650500770040665000610048365000340054420091224150150.0081202s2009 nyua j 001 0 eng  aB-389871-877 a9781846969461c200.00 aB-389871-877 bScholastic  adplbEnglish  a782.42164909 aCornish, Melanie J. aThe story of hip hop /cby Melanie J. Cornish. aKent bTicktock Media c2009 aThe Old Sawmill, 103 Goods Station Road, Tunbridge Wells, bKent  a32 p. :bcol. photos c25 cm(pbk)  aIncludes index. aWhere it all began -- What is hip hop? -- The golden years -- The 2000s. aRap (Music)xHistory and criticismvJuvenile literature. aHip-hopvJuvenile literature.